000 01221nji a22003137a 4500
005 20100917112259.0
006 a|||||r|||||00| 0
007 sd ammalaaahaa
008 100830t xxu||||| |||| 00| 0 eng d
028 _aECSD.2892
_bEMI
035 _aGR-03269
040 _aSED
_cSED
100 _917455
_aVaswani, Ghanshyam
245 _aHota raha tera hi bayan chaudhavin ki raat /
_csung by Ghansham Vaswani; music by Jagjit Singh; lyric by Saeed Rahi
_h[sound recording] :
246 _aहोता रहा तेरा ही बयां चौदहवीं की रात /
260 _aDum Dum, India
_bEMI
_c1981
300 _a1 sound disc [Gramophone Recording]:
_banalog, 33 1/3 rpm
_c12.5 in. (LP)
_fGramophone Record
500 _aBrief Record
500 _aRecord labels : EMI, Red
505 _aSide-2 (Ajnabi shahr men ajnabi raaste) (Ashok Khosla)
600 _aVaswani, Ghanshyam
_920359
650 _aGazals
_zIndia
_91186
_xExcerpts
650 _aClassical Music
_920451
650 _aUrdu Modern
_920462
700 _aJagjit Singh
_920452
700 _aSaeed Rahi
_920463
942 _2ddc
_cGR
999 _c46384
_d46384